Statistiques concernant Un Homme Heureux (William Sheller) - Paroles

Cliquez ici pour prendre le quiz!

Statistiques générales

  • Ce quiz a été pris 287 fois
  • Le résultat moyen est 169 sur 205

Statistiques - réponses

Paroles% Correct
un
98%
heureux.
97%
Le
96%
le
96%
qu'
96%
Il
95%
les
95%
pour
95%
Et
94%
gens
94%
me
94%
a
93%
à
93%
De
93%
Ils
93%
ils
93%
Je
93%
peu
93%
sont-
93%
sont
93%
des
92%
homme
92%
même
92%
qui
92%
Ce
91%
ce
91%
On
91%
Pourquoi
91%
s'aiment.
91%
s'aiment
91%
toujours
91%
mêmes ?
89%
se
88%
être
87%
peine
87%
peine,
87%
la
86%
ont
86%
veux
86%
Que
85%
que
85%
y
84%
Y
84%
ça
83%
ne
83%
si
83%
au
82%
deux.
82%
d'eux
82%
dire
82%
Mais
82%
mais
82%
pas
82%
eux.
81%
eux
81%
faire
80%
quand
80%
Quand
80%
s'en
79%
faut
77%
fond
77%
moi
77%
une
77%
vaut
77%
yeux.
77%
revienne,
76%
rien
75%
connais
74%
j'y
74%
comme
73%
place
72%
Qu'on
72%
regard
72%
j'te
71%
sans
68%
aille
67%
serait
67%
veine
66%
leurs
65%
prenne,
65%
en
64%
gène
64%
pourrait
64%
quelque
64%
Quelque
64%
soit
64%
temps
64%
l'enjeu
60%
problèmes,
59%
viennent
59%
nous
58%
désir
54%
chose
53%
seul
53%
d'un
50%
monde
49%
ceux
48%
cruels ?
48%
vous
48%
rebelles ?
45%
parlent
42%
donne
41%
modèle.
40%
ressembler
39%
éloigne
38%
n'oblige
37%
choses
36%
humaines.
36%
ben
32%

Distribution des résultats

Percentile par nombre de réponses

% des personnes avec chaque résultat

Votre développement - résultats

Vous n’avez pas pris ce quiz